000 00504nam a2200193Ia 4500
999 _c3967
_d3967
020 _a81-7049-200-9
082 _a954.6 DEW-J
100 _aDewan, Parvez;
245 0 _aJammu, Kashmir and Ladakh: Ladakh
260 _aNew Delhi
_bManas Publications
_c2004
300 _a588
504 _aincludes bibliography and index
650 _aLadakh
650 _aJammu and Kashmir
650 _aIndia - Description and trade
650 _aIndia - History
650 _aTourist trade - India
942 _cBK